| 000 | 00407nam a2200097Ia 4500 | ||
|---|---|---|---|
| 008 | 180130s9999 xx 000 0 und d | ||
| 245 |
_cBible, Michael J.; Bivins, Susan S. _aEvaluating strategic project and portfolio performance |
||
| 260 | _c2015 | ||
| 300 | _aBook title: Information technology project management--Acession number C20536; pages 113-138 | ||
| 650 | _aPROJECT MANAGEMENT--INFORMATION TECHNOLOGY | ||
| 999 |
_c354402 _d354402 |
||